000 00686nam a2200217 4500
001 136821
003 ES-MaACL
005 20230906195233.0
007 t|
008 070214s1964 xxu r ||||1| eng d
100 1 _aSaks, Stanislaw.
_9101638
245 1 0 _aTheory of the integral /
_cby Dr. Stanislaw Saks ; English translation by L.C. Young ; with two additional notes by Stefan Banach.
250 _a2nd. rev. ed.
260 _aNew York :
_bDover Pub.,
_c1964.
300 _aXV, 343 p. ;
_c21 cm.
650 0 0 _aIntegrales.
_913841
650 0 0 _aCálculo integral.
_910672
700 1 _aYoung, L. C.
_9117698
700 1 _aBanach, Stefan.
_925153
852 _aES-MaACL
_jC-42227
999 _c136821
_d136821